01114cam a22002531 4500001001300000003000400013005001700017008004100034010001700075035002000092040003400112050002500146082001200171100002900183245023000212260004800442300002600490440005400516500012100570500006600691650003800757650004800795999001700843l 42000208 DLC20260227111538.0931014s1942 dcu f000 0 eng c al 42000208  a(OCoLC)29017900 aU.S. Dept. of laborcOrUdDLC00aHD6093b.A35 no. 194 a331.4 s1 aPidgeon, Mary Elizabeth.10aYour questions as to women in war industries: Types of jobs.bReplacement of men by women. Employment and unemployment. Attitudes of employers. Operation of labor laws. Wages of men and women. Training. British experience ... aWashington,bU.S. Govt. print. off.,c1942. a1 p. l. 10 p.c23 cm. 0aBulletin (United States. Women's Bureau)vno. 194 aAt head of title: United States Dept. of labor, Frances Perkins, secretary. Women's bureau, Mary Anderson, director. a"Prepared by Mary Elizabeth Pidgeon."--Letter of transmittal. 0aWomenxEmploymentzUnited States. 0aWorld War, 1939-1945xWomenzUnited States. c36407d36407